000 00701nam a22001935i 4500
001 158563
003 ES-MaACL
005 20250831023900.0
008 040902s1876 it |||| | ita d
040 _aCAM
_bspa
_cCAM
100 1 _aMalfatti, Bartolomeo.
_9129379
245 1 0 _aImperatori e papi ai tempi della signoria dei franchi in Italia /
_cdi Bartolomeo Malfatti.
260 _aMilano [etc.] :
_bUlrico-Hoepli, librajo-editore,
_c1876 (
_ftipi di G. Bernardino di Gio)
300 _a2 v. (VIII, 410 ; 567 p.) ;
_c23 cm.
650 0 7 _aIglesia y Estado
_2embne
_913554
752 _aItalia -
_cMilán
852 _aES-MaACL
_jF-12300-12301
_z-- Enc. pasta española
999 _c158563
_d158563